000 02717nam a22004457a 4500
005 20090120111014.0
008 090120t xxu||||| |||| 00| 0 eng d
010 _aB-357812
020 _a0439902533
_c110.00
020 _a9780439902533
_c110.00
035 _aB-357812
035 _aB-345495-501
037 _bTarun Books
040 _aDPL
_bEnglish
082 _aS
100 _aAbbott, Tony
245 _aThe treasure of the orkins /
_cby Tony Abbott; illustrated by Royce Fitzgerald
260 _aNew York
_bScholastic
_c2008(rper.).
270 _a557 Broadway
_bNew York
_eNY 10012
300 _a120p. :
_bill.
_c20cm(pbk)
440 _aLittle apple
490 _aThe secrets of Droon
_v 32
650 _aDroon (Imaginary place)
_vJuvenile fiction.
650 _aMagic
_vJuvenile fiction.
650 _aTreasure troves
_vJuvenile fiction.
650 _aFantasy.
655 _aFantasy fiction
_vJuvenile fiction.
700 _aFitzgerald, Royce
942 _2ddc
_cCH
_hS
_mABB
999 _c21556
_d21556